000 00740nam a2200205Ii 4500
003 JO-AjNU
008 230605s9999||||xx |||||||||||||| ||und||
040 _aJO-AjNU
_bara
_erda
_cJO-AjNU
041 _aara
050 1 4 _aGV1203.S53712 2005
100 3 _aتاليف Silerg,Jackie؛ ترجمة سليمان، محمد طالب السيد,
_eauthor
_922384
245 0 0 _aألعاب الأطفال في مرحلة الحبو
250 _aط1
264 3 1 _aالعين: دار الكتاب الجامعي، 2005
300 _a252ص
_bصور توضيحية
336 _atext
_btxt
_2rdacontent
337 _aunmediated
_bn
_2rdamedia
338 _avolume
_bnc
_2rdacarrier
650 4 _aالعاب الأطفال- مرحلة الحبو
_922385
999 _aA7936
_c11504
_d11504